Seemingly Unrelated Trivia IV Quiz Stats

 Plays Quiz Updated May 17, 2018

Challenge
Share
Tweet
Embed
Score 0/21 Timer 05:00
3 Plays Today
Question Answer % Correct
This is the first name of the main characters in 'Sneakers' and 'Back to the Future'Marty
76.6%
This is a term for a person engaged in a public fight, once as entertainment in ancient Romegladiator
75.9%
This surname is shared by both Indira and Rajiv who were prime ministers of IndiaGandhi
70.2%
This is the largest city in the midwestern United StatesChicago
69%
This Welsh singer is known for songs like 'It's Not Unusual'Tom Jones
67.5%
This is a focused lamp for stage illumination or conspicuous public noticespotlight
67%
This was Jason's mythological ship that searched for the Golden FleeceArgo
66.4%
This is lunar photons reflecting toward Earth or a Beethoven sonatamoonlight
62.4%
This coastal city is the largest overall in MoroccoCasablanca
59.9%
This 1990's sitcom starring Steven Weber and Tim Daly took place at an airport on NantucketWings
58.5%
This is the name of the most famous anthropomorphic bandicoot from the gaming worldCrash
57.5%
Question Answer % Correct
This first name is shared by model Hadid and champion doubles tennis player FernándezGigi
53.7%
This is a 6-letter term for a small villagehamlet
51.3%
This is a subdivision of a company-sized military unit normally consisting of two or more squads or sectionsplatoon
48.5%
This wife of Isaac was the mother of Jacob and EsauRebecca
38.2%
This 10-letter word means not given an excuse or pardonunforgiven
33.2%
This term, originally describing giant Greek figures, means colossal in sizetitanic
33%
This actress Paula, who debuted in 'Hitch', used to be married to Robin ThickePatton
24.6%
This rose cultivar originally bred in France in 1875 is deep pink in colorAmerican Beauty
14.8%
This 5-letter word can mean 'abounding in or having the nature of stone' or 'firmly held'rocky
14.5%
This is a procession of riders or carriages or a procession of vehicles or shipscavalcade
13.1%

You're not logged in!

Compare scores with friends on all Sporcle quizzes.
OR
Log In

You Might Also Like...

Show Comments

Extras

Top Quizzes Today


Score Distribution

Your Account Isn't Verified!

In order to create a playlist on Sporcle, you need to verify the email address you used during registration. Go to your Sporcle Settings to finish the process.

Report this User

Report this user for behavior that violates our Community Guidelines.

Details: